[Event "Sparkassen Chess Trophy 2024 A-Open"]
[Site "Dortmund"]
[Date "2024.08.13"]
[Round "4"]
[White "Loheide, Michel"]
[Black "Zhuikov, Edgard"]
[Result "1-0"]
[WhiteElo "1975"]
[BlackElo "1923"]
[PlyCount "109"]
[EventDate "2024.08.10"]

1. e4 e5 2. Nf3 Nc6 3. Bb5 f5 4. d3 fxe4 5. dxe4 Nf6 6. O-O Bc5 7. Bxc6 bxc6 8. Nxe5 O-O 9. Nc3 d6 10. Nd3 Bg4 11. Qe1 Bd4 12. Be3 c5 13. f3 Be6 14. Bxd4 cxd4 15. Ne2 c5 16. b3 Bc8 17. Nef4 Re8 18. Qd2 Ba6 19. Rfe1 Qc7 20. c4 dxc3 21. Qxc3 Qb6 22. Kh1 Re7 23. e5 dxe5 24. Rxe5 Rxe5 25. Qxe5 Bxd3 26. Nxd3 Re8 27. Qxc5 Qd8 28. Qc4+ Kh8 29. Qc2 Qd4 30. Re1 Rxe1+ 31. Nxe1 h6 32. h3 Qa1 33. Qf2 Nh5 34. g3 Qb1 35. Kh2 a5 36. Qe2 Qg6 37. Qf2 Qf5 38. Ng2 Nf6 39. Nf4 Nh7 40. h4 Nf6 41. Qd2 Qc5 42. Qd8+ Kh7 43. Qd3+ Kh8 44. Ng6+ Kh7 45. Ne5+ Kh8 46. Nf7+ Kg8 47. Nxh6+ Kh8 48. Nf7+ Kg8 49. Ng5 Qf2+ 50. Kh3 Qe1 51. Qd8+ Ne8 52. Qd5+ Kh8 53. Nf7+ Kg8 54. Nd6+ Kh8 55. Qh5+ 1-0

[Event "Sparkassen Chess Trophy 2024 A-Open"]
[Site "Dortmund"]
[Date "2024.08.13"]
[Round "4"]
[White "Weisskopf, Lutz"]
[Black "Riechenberg, Maximilian"]
[Result "1/2-1/2"]
[WhiteElo "2026"]
[BlackElo "1981"]
[PlyCount "118"]
[EventDate "2024.08.10"]

1. e4 e5 2. Nf3 Nc6 3. Bb5 a6 4. Ba4 Nf6 5. O-O b5 6. Bb3 Bc5 7. c3 d6 8. d4 Bb6 9. dxe5 dxe5 10. Qxd8+ Nxd8 11. Nxe5 Nxe4 12. Nd2 Nxd2 13. Bxd2 Be6 14. Bc2 O-O 15. Be4 Rb8 16. Rfe1 f6 17. Nd3 Bf7 18. Nb4 a5 19. Nd5 Bxd5 20. Bxd5+ Nf7 21. Bf4 Rfd8 22. Rad1 Kf8 23. b3 Nd6 24. Bc6 b4 25. c4 Nb7 26. Rxd8+ Nxd8 27. Be4 Ne6 28. Bg3 h6 29. Bg6 Nc5 30. Rd1 Ke7 31. Re1+ Kf8 32. h4 Rd8 33. Re2 a4 34. bxa4 Nxa4 35. Kh2 Nc3 36. Rb2 c5 37. a3 bxa3 38. Rxb6 Ra8 39. Bd6+ Kg8 40. Bb1 a2 41. Bxa2 Rxa2 42. Bxc5 Ne4 43. Rb8+ Kf7 44. Rb7+ Ke6 45. Be3 g5 46. f3 Nd6 47. Rb6 Kd7 48. Bd4 Nxc4 49. Rxf6 Rd2 50. Bc5 Rd5 51. Bf8 h5 52. hxg5 Rxg5 53. Rh6 Ne3 54. Rh7+ Kc6 55. Bh6 Rxg2+ 56. Kh3 Rf2 57. Kg3 Rg2+ 58. Kh4 Nf5+ 59. Kxh5 Kd5 1/2-1/2

[Event "Sparkassen Chess Trophy 2024 A-Open"]
[Site "Dortmund"]
[Date "2024.08.13"]
[Round "4"]
[White "Ruhmann, Gabriel"]
[Black "Tahashi-Knoche, Farzad"]
[Result "1-0"]
[WhiteElo "1847"]
[BlackElo "1960"]
[PlyCount "53"]
[EventDate "2024.08.10"]

1. e4 c5 2. c3 Nf6 3. e5 Nd5 4. d4 cxd4 5. Nf3 Nc6 6. cxd4 e6 7. a3 d6 8. Bd3 Qa5+ 9. Bd2 Qb6 10. Nc3 Nxc3 11. Bxc3 Bd7 12. O-O h6 13. exd6 Bxd6 14. d5 exd5 15. Re1+ Kf8 16. Nh4 Ne7 17. Qf3 d4 18. Bc4 Bxh2+ 19. Kxh2 Qc7+ 20. Kg1 Qxc4 21. Bb4 Be6 22. Ng6+ Ke8 23. Nxh8 Qc6 24. Nxf7 Qxf3 25. Nd6+ Kd7 26. gxf3 a5 27. Nxb7 1-0

[Event "Sparkassen Chess Trophy 2024 A-Open"]
[Site "Dortmund"]
[Date "2024.08.13"]
[Round "4"]
[White "Prueske, Wolfgang"]
[Black "Erofeev, Anastasia"]
[Result "1-0"]
[WhiteElo "1970"]
[BlackElo "2030"]
[PlyCount "75"]
[EventDate "2024.08.10"]

1. Nf3 d5 2. b3 c5 3. e3 Nf6 4. Bb2 e6 5. Be2 Nc6 6. d4 b6 7. O-O Bb7 8. c4 dxc4 9. bxc4 Be7 10. Nc3 O-O 11. d5 Nb8 12. e4 Ne8 13. e5 Bg5 14. Nxg5 Qxg5 15. f4 Qe7 16. Bf3 g6 17. Qa4 Qc7 18. Rad1 Qc8 19. Ne4 a6 20. Qc2 Nd7 21. Qd2 Nb8 22. Qf2 Nd7 23. Ng5 Ng7 24. g4 Rd8 25. Ne4 Qc7 26. Nd6 exd5 27. Nxb7 Qxb7 28. Bxd5 Qc7 29. Bxa8 Rxa8 30. Qd2 Nf8 31. f5 Qc6 32. Qd5 Qe8 33. Rd2 Ra7 34. e6 fxe6 35. fxe6 Nfxe6 36. Rdf2 Kh8 37. Qe5 Re7 38. Qxe6 1-0

[Event "Sparkassen Chess Trophy 2024 A-Open"]
[Site "Dortmund"]
[Date "2024.08.13"]
[Round "4"]
[White "Theisen, Johannes"]
[Black "Bungarten, Jona"]
[Result "0-1"]
[WhiteElo "1927"]
[BlackElo "2073"]
[PlyCount "64"]
[EventDate "2024.08.10"]

1. Nf3 d5 2. g3 Nf6 3. Bg2 e6 4. O-O Be7 5. c4 O-O 6. b3 b6 7. Bb2 Bb7 8. d4 dxc4 9. bxc4 c5 10. e3 Qc7 11. Nbd2 Rd8 12. Qe2 Nc6 13. Rac1 Rac8 14. Rfd1 Ba6 15. Ne5 Bb7 16. Nef3 cxd4 17. exd4 Na5 18. Rc2 Ba6 19. Rdc1 Bb4 20. a3 Be7 21. Ne5 Bd6 22. f4 Qe7 23. Qe3 Rc7 24. c5 Bxe5 25. dxe5 Nd7 26. cxb6 Rxc2 27. Rxc2 Nxb6 28. Bf1 Bxf1 29. Kxf1 Qd7 30. Kg1 Qb5 31. Ne4 Rd1+ 32. Kg2 Qf1# 0-1

[Event "Sparkassen Chess Trophy 2024 A-Open"]
[Site "Dortmund"]
[Date "2024.08.13"]
[Round "4"]
[White "Manukonda Arun"]
[Black "Canino, Ruelle"]
[Result "1-0"]
[WhiteElo "1988"]
[BlackElo "1908"]
[PlyCount "47"]
[EventDate "2024.08.10"]

1. d4 g6 2. c4 Bg7 3. Nc3 d6 4. e4 Nd7 5. Nf3 e5 6. Be2 exd4 7. Nxd4 Ngf6 8. O-O O-O 9. Be3 Nc5 10. f3 a5 11. Qd2 Ne6 12. Nd5 Bd7 13. Rad1 Bc6 14. Bh6 Nd7 15. Bxg7 Kxg7 16. f4 Nf6 17. Qe3 Qc8 18. f5 Nd8 19. Qd2 Qb8 20. fxg6 fxg6 21. Rxf6 Nf7 22. Rdf1 Kg8 23. Nb5 Bxd5 24. Qxd5 1-0

[Event "Sparkassen Chess Trophy 2024 A-Open"]
[Site "Dortmund"]
[Date "2024.08.13"]
[Round "4"]
[White "Scholz, Benedict"]
[Black "Madera, Mateusz"]
[Result "1/2-1/2"]
[WhiteElo "1990"]
[BlackElo "1921"]
[PlyCount "72"]
[EventDate "2024.08.10"]

1. e4 c5 2. Nf3 d6 3. d4 cxd4 4. Nxd4 Nf6 5. Nc3 a6 6. h3 e6 7. g4 b5 8. a3 Bb7 9. Bg2 Qc7 10. O-O Nc6 11. Kh1 Be7 12. f4 Nxd4 13. Qxd4 e5 14. Qf2 exf4 15. Bxf4 O-O 16. Rad1 Nd7 17. Qg3 Ne5 18. Rf2 Nc4 19. b3 Ne5 20. Nd5 Bxd5 21. exd5 Ng6 22. Qd3 Bh4 23. Rff1 Rac8 24. Be4 Nxf4 25. Rxf4 h6 26. Bf5 Rce8 27. a4 bxa4 28. Rxa4 a5 29. Qd2 Bd8 30. Re1 Qc5 31. Rae4 Rxe4 32. Bxe4 Bf6 33. Qe3 Qxe3 34. Rxe3 Bd4 35. Rd3 Bc5 36. Kg2 Re8 1/2-1/2

[Event "Sparkassen Chess Trophy 2024 A-Open"]
[Site "Dortmund"]
[Date "2024.08.13"]
[Round "4"]
[White "Lang, Nico"]
[Black "Xue, Luka"]
[Result "0-1"]
[WhiteElo "1939"]
[BlackElo "1992"]
[PlyCount "74"]
[EventDate "2024.08.10"]

1. d4 d5 2. e3 Nf6 3. Bd3 c6 4. f4 Bg4 5. Nf3 e6 6. Nbd2 c5 7. h3 Bf5 8. Bxf5 exf5 9. Ne5 Nc6 10. Ndf3 Bd6 11. c3 O-O 12. Bd2 Ne4 13. O-O f6 14. Nd3 c4 15. Nf2 Nxd2 16. Qxd2 b5 17. a3 Re8 18. g4 Qd7 19. Nh4 fxg4 20. hxg4 g6 21. Kg2 a5 22. Rh1 b4 23. Rh3 bxa3 24. bxa3 Kg7 25. Rah1 Rh8 26. e4 dxe4 27. Nxe4 Qxg4+ 28. Rg3 Qxf4 29. Nf5+ Qxf5 30. Qh6+ Kg8 31. Nxd6 Qd5+ 32. Kf2 Ne7 33. Nxc4 Qxc4 34. Re1 Nf5 35. Rxg6+ hxg6 36. Qxg6+ Ng7 37. Re7 Rh7 0-1

[Event "Sparkassen Chess Trophy 2024 A-Open"]
[Site "Dortmund"]
[Date "2024.08.13"]
[Round "4"]
[White "Brieger, Sebastian"]
[Black "Vihan, Shourya"]
[Result "0-1"]
[WhiteElo "1946"]
[BlackElo "1998"]
[PlyCount "92"]
[EventDate "2024.08.10"]

1. e4 c5 2. c3 Nf6 3. e5 Nd5 4. Nf3 Nc6 5. Bc4 Nb6 6. Bb3 d6 7. exd6 Qxd6 8. O-O Bf5 9. Na3 Bd3 10. Re1 e6 11. Bc2 Be7 12. Bxd3 Qxd3 13. Qe2 Rd8 14. Qxd3 Rxd3 15. Re3 Rd7 16. Nc2 Bf6 17. a4 O-O 18. d3 Rfd8 19. a5 Nd5 20. Re2 Nde7 21. Be3 b6 22. axb6 axb6 23. d4 cxd4 24. Nfxd4 Nxd4 25. Bxd4 Bxd4 26. Nxd4 Nd5 27. g3 g6 28. Ree1 Rb7 29. Nb5 Nc7 30. Nxc7 Rxc7 31. Ra6 Rd6 32. Re4 h5 33. Rb4 Rcc6 34. f4 Kg7 35. Ra7 Rd1+ 36. Kg2 Rd2+ 37. Kg1 Rcd6 38. Ra1 Rc2 39. Rb1 Kf6 40. Rb5 Rdd2 41. b4 Rg2+ 42. Kh1 Rxh2+ 43. Kg1 Rhg2+ 44. Kh1 Rxg3 45. Rxb6 Rcxc3 46. Rb7 Rg4 0-1

[Event "Sparkassen Chess Trophy 2024 A-Open"]
[Site "Dortmund"]
[Date "2024.08.13"]
[Round "4"]
[White "Lettko, Michael"]
[Black "Thompson, Ian D"]
[Result "1-0"]
[WhiteElo "1937"]
[BlackElo "2003"]
[PlyCount "75"]
[EventDate "2024.08.10"]

1. e4 e6 2. d4 d5 3. Nd2 Nf6 4. e5 Nfd7 5. Bd3 c5 6. c3 Nc6 7. Ne2 cxd4 8. cxd4 f6 9. exf6 Qxf6 10. Nf3 h6 11. O-O Bd6 12. Be3 O-O 13. Rc1 Rf7 14. Bb1 Nf8 15. Ng3 Bd7 16. Nh5 Qe7 17. Re1 Be8 18. a3 Rd8 19. g3 Qd7 20. Bf4 Re7 21. Ne5 Bxe5 22. Bxe5 Nxe5 23. Rxe5 Bxh5 24. Qxh5 Qe8 25. Qg4 Nd7 26. Re3 Nf6 27. Qe2 g5 28. Re1 Rd6 29. f4 gxf4 30. gxf4 Rg7+ 31. Rg3 Rxg3+ 32. hxg3 Qf7 33. Rc1 Rc6 34. Rxc6 bxc6 35. Qe5 Ng4 36. Qd6 Ne3 37. Qb8+ Kg7 38. Qe5+ 1-0

[Event "Sparkassen Chess Trophy 2024 A-Open"]
[Site "Dortmund"]
[Date "2024.08.13"]
[Round "4"]
[White "Thieu, Nguyen Gia Bao"]
[Black "Krueger, Andre"]
[Result "0-1"]
[WhiteElo "1904"]
[BlackElo "2018"]
[PlyCount "106"]
[EventDate "2024.08.10"]

1. e4 c5 2. c3 e6 3. Nf3 d5 4. exd5 Qxd5 5. d4 Nf6 6. Na3 Be7 7. Be3 cxd4 8. Nb5 Na6 9. Nbxd4 O-O 10. Be2 b6 11. O-O Bb7 12. Qc2 Ng4 13. Bd2 Nc5 14. c4 Qe4 15. h3 Qxc2 16. Nxc2 Rad8 17. Rfd1 Bxf3 18. Bxf3 Ne5 19. Be2 Na4 20. Rab1 Nd3 21. Bc3 Nxc3 22. bxc3 Ne5 23. f4 Bc5+ 24. Kf1 Nc6 25. Rxd8 Rxd8 26. Rd1 Rxd1+ 27. Bxd1 Bd6 28. f5 exf5 29. Nd4 Ne7 30. Bf3 g6 31. Ke2 Kg7 32. Bb7 Ng8 33. Nb5 Bb8 34. Kd3 Nf6 35. Bc6 a6 36. Nd4 Bd6 37. Nb3 Bc5 38. a4 a5 39. Nd4 Nh5 40. Ke3 Kf6 41. Bd5 Ke7 42. Kf3 Nf6 43. Nb5 Nd7 44. Kf4 f6 45. Nd4 Bd6+ 46. Ke3 Nc5 47. Bc6 Be5 48. Kd2 f4 49. Ke2 f5 50. Kf3 Kf6 51. Ke2 g5 52. Kf3 Bxd4 53. cxd4 Nb3 0-1

[Event "Sparkassen Chess Trophy 2024 A-Open"]
[Site "Dortmund"]
[Date "2024.08.13"]
[Round "4"]
[White "Linde, Wolfgang"]
[Black "Thiemann, Marc"]
[Result "1/2-1/2"]
[WhiteElo "2070"]
[BlackElo "1974"]
[PlyCount "135"]
[EventDate "2024.08.10"]

1. d4 Nf6 2. Nf3 c5 3. d5 b5 4. e4 Nxe4 5. Bd3 Qa5+ 6. Nbd2 Nf6 7. O-O c4 8. Be4 d6 9. a4 g6 10. Nd4 Bd7 11. Bf3 Bg7 12. Re1 O-O 13. Rxe7 Re8 14. Rxe8+ Nxe8 15. c3 Bxd4 16. cxd4 Na6 17. Ne4 bxa4 18. Bg5 Nac7 19. Be7 Qb6 20. Qd2 Nxd5 21. Nc3 Nxe7 22. Bxa8 Nf5 23. Nxa4 Qa6 24. Qd1 Qb5 25. Be4 Ne7 26. Ra2 Nf6 27. Nc3 Qb6 28. Bf3 d5 29. h3 h5 30. Qe1 Be6 31. Qe5 Nd7 32. Qg5 f6 33. Qd2 a5 34. Ne2 Nc6 35. Nf4 Nb4 36. Nxe6 Nxa2 37. Bxd5 Kh7 38. Bxc4 Nb4 39. b3 Qc6 40. Qe1 Qd6 41. Qe4 Nc6 42. Bb5 Ndb8 43. Bc4 Kh6 44. Bd3 f5 45. Qe3+ Kh7 46. h4 Ne7 47. Ng5+ Kg7 48. Qe5+ Qxe5 49. dxe5 Nbc6 50. f4 Nd5 51. Nf3 Nb6 52. g3 Kf7 53. Kf2 Ke6 54. Bb5 Nb4 55. Be8 Nd3+ 56. Ke3 Nc5 57. Nd4+ Ke7 58. Bxg6 Nd5+ 59. Kd2 Ne4+ 60. Kd3 Nxg3 61. Nxf5+ Nxf5 62. Bxf5 Nxf4+ 63. Kc4 Ng2 64. Kb5 Nxh4 65. Bh3 Nf3 66. Kxa5 Nxe5 67. Kb6 Kd6 68. b4 1/2-1/2

[Event "Sparkassen Chess Trophy 2024 A-Open"]
[Site "Dortmund"]
[Date "2024.08.13"]
[Round "4"]
[White "Rodriguez, Augustin"]
[Black "Stoll, Thomas"]
[Result "1/2-1/2"]
[WhiteElo "2079"]
[BlackElo "1978"]
[PlyCount "118"]
[EventDate "2024.08.10"]

1. e4 e5 2. Nf3 Nc6 3. d4 exd4 4. Nxd4 Nf6 5. Nxc6 bxc6 6. e5 Qe7 7. Qe2 Nd5 8. h4 Bb7 9. c4 Nb6 10. Rh3 O-O-O 11. Nc3 Qe6 12. Bf4 Ba6 13. b3 Ba3 14. Re3 Qf5 15. Qf3 Bb7 16. Bd3 Qe6 17. Rd1 Bb4 18. Be4 f6 19. exf6 Qxf6 20. Bg5 Qxf3 21. Bxf3 Rde8 22. Kd2 d5 23. cxd5 Nxd5 24. Bxd5 cxd5 25. Kc2 c6 26. f3 a5 27. Rxe8+ Rxe8 28. Bd2 Kc7 29. Kb2 Ba6 30. g4 Bxc3+ 31. Bxc3 Re2+ 32. Kb1 Re3 33. Bxa5+ Kd6 34. f4 Re4 35. Bd2 d4 36. h5 g6 37. hxg6 hxg6 38. a4 Re2 39. a5 Kd5 40. Bc1 c5 41. Rd2 Re1 42. Rf2 Ke6 43. Kc2 Re2+ 44. Rxe2+ Bxe2 45. f5+ gxf5 46. g5 c4 47. b4 c3 48. Bf4 Bb5 49. Kb3 Be2 50. Bh2 f4 51. Bxf4 Kf5 52. Bc1 Bb5 53. Kc2 Be2 54. b5 Bxb5 55. Ba3 Kxg5 56. Bc5 Kf5 57. Bxd4 Ke4 58. Kxc3 Bf1 59. a6 Bxa6 1/2-1/2

[Event "Sparkassen Chess Trophy 2024 A-Open"]
[Site "Dortmund"]
[Date "2024.08.13"]
[Round "4"]
[White "Mainka, Alwin"]
[Black "Berresheim, Nils"]
[Result "1-0"]
[WhiteElo "2240"]
[BlackElo "1838"]
[PlyCount "81"]
[EventDate "2024.08.10"]

1. e4 c5 2. Nf3 d6 3. d4 cxd4 4. Nxd4 Nf6 5. Nc3 a6 6. g3 e6 7. Bg2 Be7 8. O-O Qc7 9. Be3 Nc6 10. Qe2 Nxd4 11. Bxd4 e5 12. Be3 b5 13. a3 Be6 14. Rfc1 O-O 15. f4 Rab8 16. f5 Bc4 17. Qd2 Ng4 18. b3 d5 19. Nd1 Rfd8 20. bxc4 dxe4 21. Qe2 Rxd1+ 22. Rxd1 Nxe3 23. Re1 bxc4 24. Bxe4 Ra8 25. Kh1 Bc5 26. Qf3 Qb6 27. Rab1 Qh6 28. h4 c3 29. Rb7 Nc4 30. Qxc3 Nd6 31. Qxc5 Nxb7 32. Bxb7 e4 33. Qe3 Qd6 34. Qxe4 h6 35. Qe3 Qf6 36. Qe5 Qb6 37. Bd5 Qf2 38. c4 Qd2 39. Qe3 Qc2 40. Bxf7+ Kf8 41. Qe7# 1-0

[Event "Sparkassen Chess Trophy 2024 A-Open"]
[Site "Dortmund"]
[Date "2024.08.13"]
[Round "4"]
[White "Sondermann, Dirk"]
[Black "Hagenmeyer, Felix"]
[Result "0-1"]
[WhiteElo "1918"]
[BlackElo "1998"]
[PlyCount "69"]
[EventDate "2024.08.10"]

1. d4 d5 2. c4 e6 3. Nc3 c5 4. cxd5 exd5 5. Nf3 Nf6 6. g3 Nc6 7. Bg2 Be7 8. O-O O-O 9. dxc5 Bxc5 10. Bg5 d4 11. Na4 Be7 12. Rc1 h6 13. Bxf6 Bxf6 14. Nc5 Re8 15. Re1 Qb6 16. b3 Bg4 17. h3 Bh5 18. g4 Bg6 19. Nd2 Rac8 20. Nd7 Qd8 21. Nxf6+ Qxf6 22. Nf3 Rcd8 23. Qd2 Be4 24. g5 Qg6 25. gxh6 Ne5 26. Nh4 Qf6 27. Bxe4 Qxh4 28. h7+ Kh8 29. Bg2 Re6 30. Rc5 b6 31. Rcc1 Rg6 32. Kf1 Ng4 33. hxg4 Qxg4 34. e3 Qxg2+ 35. Ke2 0-1

[Event "Sparkassen Chess Trophy 2024 A-Open"]
[Site "Dortmund"]
[Date "2024.08.13"]
[Round "4"]
[White "Karaissaridis, Christos"]
[Black "Kantor, Nikita"]
[Result "1-0"]
[WhiteElo "1902"]
[BlackElo "1971"]
[PlyCount "65"]
[EventDate "2024.08.10"]

1. e4 e5 2. Nf3 Nf6 3. d3 Nc6 4. g3 Bc5 5. Bg2 O-O 6. O-O d5 7. exd5 Nxd5 8. Nc3 Nxc3 9. bxc3 Re8 10. Re1 Bg4 11. h3 Bh5 12. g4 Bg6 13. d4 Bd6 14. Bg5 f6 15. Be3 exd4 16. cxd4 Be4 17. c3 Ne7 18. Nd2 Bxg2 19. Kxg2 Nd5 20. Qb3 c6 21. Nc4 Bc7 22. Bd2 b5 23. Ne3 Qd6 24. Nf1 Kf8 25. c4 bxc4 26. Qxc4 Bb6 27. Ne3 Bxd4 28. Nf5 Rxe1 29. Nxd6 Bxa1 30. Bxe1 Be5 31. Qxc6 Nf4+ 32. Kf1 Rb8 33. Qc7 1-0

[Event "Sparkassen Chess Trophy 2024 A-Open"]
[Site "Dortmund"]
[Date "2024.08.13"]
[Round "4"]
[White "Kock, Stefan"]
[Black "Jess, Stefan"]
[Result "1-0"]
[WhiteElo "2029"]
[BlackElo "1920"]
[PlyCount "89"]
[EventDate "2024.08.10"]

1. e4 e5 2. Nf3 Nf6 3. Nc3 Bb4 4. a3 Bxc3 5. dxc3 Nxe4 6. Qd6 Nf6 7. Qxe5+ Qe7 8. Bf4 d6 9. Qxe7+ Kxe7 10. O-O-O Re8 11. Bb5 Bd7 12. Rhe1+ Kf8 13. Rxe8+ Nxe8 14. Nd4 a6 15. Bd3 h6 16. Be4 Bc6 17. Nxc6 Nxc6 18. c4 Nf6 19. Bxc6 bxc6 20. Re1 Re8 21. Rxe8+ Kxe8 22. f3 g5 23. Bd2 Nd7 24. Ba5 Kd8 25. Kd2 Ne5 26. b3 f5 27. Ke3 c5 28. h3 Kd7 29. Bc3 Ke6 30. f4 gxf4+ 31. Kxf4 c6 32. g4 Ng6+ 33. Kf3 fxg4+ 34. Kxg4 Kf7 35. h4 d5 36. h5 Ne7 37. Bd2 Ng8 38. Kf5 d4 39. b4 cxb4 40. axb4 Ne7+ 41. Ke5 Kg7 42. Kxd4 Nf5+ 43. Kc5 Ng3 44. Kxc6 Nxh5 45. Kb6 1-0

[Event "Sparkassen Chess Trophy 2024 A-Open"]
[Site "Dortmund"]
[Date "2024.08.13"]
[Round "4"]
[White "Heinzel, Thomas"]
[Black "Buchinger, Alexis"]
[Result "1/2-1/2"]
[WhiteElo "1866"]
[BlackElo "1991"]
[PlyCount "118"]
[EventDate "2024.08.10"]

1. d4 d5 2. c4 e6 3. Nf3 Nf6 4. g3 Be7 5. Bg2 O-O 6. O-O Nbd7 7. b3 c6 8. Nbd2 b6 9. Bb2 Bb7 10. Qc2 Qc7 11. Rac1 Rac8 12. Rfe1 Rfd8 13. e4 dxe4 14. Nxe4 Nxe4 15. Qxe4 Nf6 16. Qe2 Bb4 17. Red1 Qe7 18. c5 bxc5 19. a3 Ba5 20. dxc5 Rxd1+ 21. Rxd1 Bc7 22. b4 Rd8 23. Be5 Rxd1+ 24. Qxd1 Nd5 25. Bxc7 Qxc7 26. Ng5 Nf6 27. Qd4 h6 28. Nf3 Qd7 29. Qxd7 Nxd7 30. Nd4 Kf8 31. Nxc6 Bxc6 32. Bxc6 Ne5 33. Be4 f5 34. f4 Nc4 35. Bd3 Ne3 36. h3 Ke7 37. Kf2 Nd5 38. h4 Kd7 39. Bb5+ Kc7 40. Bc4 Kc6 41. Bxd5+ Kxd5 42. Ke3 e5 43. fxe5 Kxe5 44. b5 g5 45. c6 Kd6 46. hxg5 hxg5 47. a4 Kc7 48. Kd4 Kd6 49. a5 a6 50. b6 Kxc6 51. Ke5 f4 52. Ke4 fxg3 53. Kf3 g4+ 54. Kxg3 Kb7 55. Kxg4 Kc6 56. Kf5 Kb7 57. Ke6 Kc6 58. Ke7 Kb7 59. Kd7 Ka8 1/2-1/2

[Event "Sparkassen Chess Trophy 2024 A-Open"]
[Site "Dortmund"]
[Date "2024.08.13"]
[Round "4"]
[White "Mader, Fabian"]
[Black "Janssen, Thorben"]
[Result "0-1"]
[WhiteElo "2019"]
[BlackElo "1920"]
[PlyCount "120"]
[EventDate "2024.08.10"]

1. e4 c5 2. Nf3 Nc6 3. Bb5 e5 4. O-O Bd6 5. c3 a6 6. Bxc6 dxc6 7. d3 Nf6 8. h3 O-O 9. Re1 Bc7 10. Be3 Qe7 11. Qc2 Rd8 12. Nbd2 h6 13. Rad1 Be6 14. b3 a5 15. Nf1 a4 16. d4 axb3 17. axb3 cxd4 18. cxd4 Ba5 19. Re2 Qb4 20. dxe5 Rxd1 21. Qxd1 Nxe4 22. Bd2 Nxd2 23. N1xd2 Rd8 24. Qc2 Qf4 25. Qe4 Qxe4 26. Nxe4 Bxb3 27. Nc5 Bc4 28. Rc2 Rd1+ 29. Kh2 b5 30. Kg3 Bd5 31. Nh4 b4 32. Nf5 b3 33. Rb2 Bc3 34. Ne7+ Kf8 35. Nxd5 Bxb2 36. Ne3 Bxe5+ 37. f4 Bxf4+ 38. Kxf4 b2 39. Nxd1 b1=Q 40. Ne3 g5+ 41. Kf3 Qc1 42. Nd7+ Ke7 43. Ne5 Ke6 44. Nd3 Qc3 45. Ke2 f5 46. Nf1 c5 47. Nd2 Kd5 48. Nb1 Qc2+ 49. Nd2 Kd4 50. Ne1 Qa2 51. Kd1 g4 52. hxg4 fxg4 53. Nc2+ Ke5 54. g3 h5 55. Ne3 Qa1+ 56. Ke2 Qg1 57. Ndf1 Kd4 58. Nf5+ Kc3 59. N1e3 Qh2+ 60. Kf1 Kd3 0-1

[Event "Sparkassen Chess Trophy 2024 A-Open"]
[Site "Dortmund"]
[Date "2024.08.13"]
[Round "4"]
[White "Udelnov, Valentin"]
[Black "Wezel, Sebastian"]
[Result "1/2-1/2"]
[WhiteElo "2037"]
[BlackElo "1939"]
[PlyCount "68"]
[EventDate "2024.08.10"]

1. e4 c5 2. Nf3 Nc6 3. d4 cxd4 4. Nxd4 Nf6 5. Nc3 d6 6. Bg5 e6 7. Qd3 a6 8. Nxc6 bxc6 9. O-O-O h6 10. Bf4 Ng4 11. Bg3 Qa5 12. h3 Ne5 13. Qe3 g5 14. h4 g4 15. f4 gxf3 16. gxf3 h5 17. Rg1 Rb8 18. f4 Ng4 19. Qd4 Rg8 20. Bc4 Qb4 21. Bb3 Qxd4 22. Rxd4 d5 23. Rd3 Bc5 24. Re1 Kf8 25. f5 Rb7 26. Ba4 Bd7 27. fxe6 fxe6 28. exd5 exd5 29. Ne2 Rb4 30. Bb3 Re4 31. Rf1+ Ke8 32. Nc3 Re3 33. Rxe3+ Nxe3 34. Rf3 Rf8 1/2-1/2

[Event "Sparkassen Chess Trophy 2024 A-Open"]
[Site "Dortmund"]
[Date "2024.08.13"]
[Round "4"]
[White "Kosev, Momchil"]
[Black "Richters, Marc"]
[Result "1-0"]
[WhiteElo "1988"]
[BlackElo "1931"]
[PlyCount "59"]
[EventDate "2024.08.10"]

1. d4 Nf6 2. c4 d6 3. g3 g6 4. Bg2 Bg7 5. Nc3 c6 6. Nf3 O-O 7. e4 Qc7 8. O-O e5 9. h3 Nbd7 10. Re1 Rb8 11. Be3 b5 12. cxb5 cxb5 13. a3 a5 14. Rc1 Qd8 15. b4 a4 16. dxe5 dxe5 17. Qd3 Nh5 18. Red1 Qe8 19. Nxb5 Rxb5 20. Qxb5 Nhf6 21. Qxa4 Qe6 22. Ng5 Qe7 23. Qc6 h6 24. Nf3 Nb8 25. Qxc8 Rxc8 26. Rxc8+ Kh7 27. Rxb8 Nxe4 28. Rc8 Nd6 29. Bc5 Qb7 30. Ng5+ 1-0

[Event "Sparkassen Chess Trophy 2024 A-Open"]
[Site "Dortmund"]
[Date "2024.08.13"]
[Round "4"]
[White "Stork, Simon"]
[Black "Blomer, Moritz"]
[Result "1-0"]
[WhiteElo "2055"]
[BlackElo "1939"]
[PlyCount "79"]
[EventDate "2024.08.10"]

1. d4 Nf6 2. c4 g6 3. Nc3 d5 4. cxd5 Nxd5 5. e4 Nxc3 6. bxc3 Bg7 7. Be3 c5 8. Qd2 Qa5 9. Rc1 O-O 10. Nf3 Nd7 11. Bd3 e5 12. d5 b5 13. c4 b4 14. O-O Qc7 15. Qc2 Nb6 16. Nd2 a5 17. f4 Bh6 18. g3 Bh3 19. Rf2 Nd7 20. Bf1 Bxf1 21. Nxf1 Bg7 22. f5 f6 23. h4 a4 24. Qe2 Rfb8 25. Qg4 Nf8 26. Qd1 Qd6 27. g4 b3 28. Rb1 Rb4 29. axb3 axb3 30. Qd3 Raa4 31. Nd2 b2 32. Qc3 Qb6 33. g5 fxg5 34. hxg5 gxf5 35. exf5 Nd7 36. f6 Qa6 37. fxg7 Ra3 38. Qc2 Rxe3 39. Qf5 Qg6 40. Qf8+ 1-0

[Event "Sparkassen Chess Trophy 2024 A-Open"]
[Site "Dortmund"]
[Date "2024.08.13"]
[Round "4"]
[White "Vollbehr, Bjarne"]
[Black "Brunetti, Alberto Fakhri"]
[Result "1/2-1/2"]
[WhiteElo "2019"]
[BlackElo "1942"]
[PlyCount "119"]
[EventDate "2024.08.10"]

1. d4 d5 2. Nf3 Nf6 3. g3 c6 4. Bg2 Bf5 5. c4 e6 6. O-O Nbd7 7. Nbd2 h6 8. b3 Be7 9. Bb2 O-O 10. Ne5 Nxe5 11. dxe5 Nd7 12. cxd5 exd5 13. e4 dxe4 14. Nxe4 Nc5 15. Nd6 Bd3 16. Re1 Bxd6 17. exd6 Qxd6 18. Ba3 Rfd8 19. Qh5 b6 20. Rad1 Qg6 21. Qxg6 Bxg6 22. Bxc6 Rxd1 23. Rxd1 Rc8 24. Bb5 Ne4 25. Bc4 Nf6 26. Bb2 Rc7 27. Rd6 Rd7 28. Rxd7 Nxd7 29. Kf1 Kf8 30. Ke2 f6 31. Ke3 Ke7 32. Kd4 Bb1 33. b4 Ne5 34. Bb3 Ng4 35. f3 Nxh2 36. Ke3 Nf1+ 37. Kf2 Nd2 38. Bg8 b5 39. a4 bxa4 40. Bd4 a6 41. Ke2 Nb3 42. Bb2 Kd6 43. Bc4 a5 44. Bxb3 axb3 45. bxa5 Kc5 46. Kd2 h5 47. Bc3 Bf5 48. Kc1 Kc4 49. Kb2 Bc8 50. Be1 g5 51. Bc3 f5 52. Bf6 f4 53. gxf4 h4 54. fxg5 Kd5 55. Bd8 h3 56. Bc7 Kc6 57. Bh2 Ba6 58. f4 Kb5 59. f5 Kxa5 60. Kxb3 1/2-1/2

[Event "Sparkassen Chess Trophy 2024 A-Open"]
[Site "Dortmund"]
[Date "2024.08.13"]
[Round "4"]
[White "Van Amerongen-Jansen, Peggy"]
[Black "Pfaltz, Maximilian"]
[Result "0-1"]
[WhiteElo "1931"]
[BlackElo "2061"]
[PlyCount "104"]
[EventDate "2024.08.10"]

1. e4 c5 2. Nf3 d6 3. d4 cxd4 4. Nxd4 Nf6 5. Nc3 a6 6. f4 g6 7. Nf3 Bg7 8. Bd3 O-O 9. O-O Nc6 10. Qe1 e5 11. Kh1 Qd7 12. a3 Re8 13. fxe5 dxe5 14. Bg5 Qd6 15. Rd1 Nd4 16. Nxd4 exd4 17. Bxf6 Bxf6 18. Nd5 Bg7 19. Qh4 f5 20. Bc4 Kh8 21. exf5 Bxf5 22. Rxd4 Bxd4 23. Qxd4+ Qe5 24. Qxe5+ Rxe5 25. Nb4 Rae8 26. Kg1 Re1 27. Nd3 Rxf1+ 28. Kxf1 Rc8 29. Bb3 Bxd3+ 30. cxd3 Rd8 31. Ke2 Kg7 32. Ke3 Kf6 33. Bd1 Ke5 34. Bf3 b6 35. h4 Rd7 36. g4 Rc7 37. d4+ Kd6 38. Be4 Rc1 39. Bd3 a5 40. h5 gxh5 41. gxh5 h6 42. a4 Rh1 43. Bg6 Rh2 44. Bf7 Rxb2 45. Ke4 Rf2 46. Bc4 Rg2 47. Bb5 Rg5 48. Be2 Rg2 49. Bc4 Rh2 50. Bf7 Rh1 51. Kd3 Ke7 52. Bg6 Ra1 0-1

[Event "Sparkassen Chess Trophy 2024 A-Open"]
[Site "Dortmund"]
[Date "2024.08.13"]
[Round "4"]
[White "Mann, Gergely"]
[Black "Gieseler, Felix"]
[Result "1-0"]
[WhiteElo "2062"]
[BlackElo "1960"]
[PlyCount "59"]
[EventDate "2024.08.10"]

1. d4 Nf6 2. c4 e6 3. Nc3 Bb4 4. f3 d5 5. a3 Bxc3+ 6. bxc3 h6 7. cxd5 exd5 8. e3 O-O 9. Bd3 Re8 10. Ne2 b6 11. O-O c5 12. Ng3 Nc6 13. Ra2 Be6 14. Re2 Qd7 15. Bb1 Rad8 16. Qd3 Ne7 17. e4 dxe4 18. fxe4 cxd4 19. e5 dxc3 20. Qc2 Ng4 21. Qh7+ Kf8 22. Nh5 Nf5 23. a4 Qd4+ 24. Kh1 Nxe5 25. Bxf5 Bxf5 26. Ba3+ Rd6 27. Qxg7+ Ke7 28. Rxe5+ Be6 29. Rxe6+ Kxe6 30. Qxf7+ 1-0